000 00818nam a2200217Ia 4500
003 GCL
008 140319s9999 xx 000 0 ara d
040 _aGCL /
_cGCL
082 0 4 _a327.16
_bن ل
100 1 _aناصر بن محمد الزامل
245 1 0 _aلماذا يكرهوننا00 ؟ /
_cناصر بن محمد الزامل
260 _aالرياض :
_bمكتبة العبيكان ،
_c2004
300 _a445 ص ؛
_c24 سم
650 0 4 _aالنزاع العربى الاسرائيلى
650 0 4 _aجرائم ضد الانسانية
650 0 4 _aالعراق - تاريخ -العصر الحديث
650 0 4 _aالعراق - الاحوال السياسية
650 0 4 _aالولايات المتحدة الامريكية - تاريخ
650 0 4 _aاحتلال العراق
942 _2ddc
_cBK
999 _c7155
_d7155